Expressiosn Amour - Statistiques

Statistiques générales
  • Ce quiz a été pris 5 fois
  • Le résultat moyen est 2 sur 10
Statistiques - réponses
Reponse % Correct
1 Bouillave
100%
2 Ken
75%
3 Detruire
25%
10 Deboite
0%
4 Defonce
0%
9 Fait l'amour
0%
6 Foudroie
0%
7 Gaspille
0%
5 Prend
0%
8 Sacage
0%
Aucun quiz correspondant
Distribution des résultats
% des personnes avec chaque résultat
Percentile par nombre de réponses
Votre historique - résultats
Vous n’avez pas pris ce quiz